Les featurings de Bramsito - Statistiques

Statistiques générales
  • Ce quiz a été pris 13 fois
  • Le résultat moyen est 5 sur 30
Statistiques - réponses
Département Artiste Sons % Correct
92 Booba Sale mood (2019), Piccolo (2021), Dernière fois (2021)
91%
91 Niska Criminel (2020)
64%
45 Dosseh Thaïlande (2019)
45%
93 Maes MPLT (2021)
45%
13 Naps Mi Corazon (2020)
36%
60 Naza Tokarev (2020)
36%
92 SDM Papier (2021), Game Over (2021), Légende (2023)
36%
77 Negrito Ça donne ça (2022)
27%
77 RK CV (2023)
27%
77 UZI Rio (2021)
27%
243 Fally Ipupa Je veux que toi (2021)
18%
Unknown Gato Piccolo (2021)
9%
77 Hiro Merci (2021)
9%
75 Jok'air Cheval Blanc (2023)
9%
Unknown Kany Sonner (2023)
9%
94 L2B Gang Fais Le (2022)
9%
93 Landy VDB (2023)
9%
75 Leto Jolie madame (2020)
9%
95 Lyna Mayhem Un peu de toi (2022)
9%
Unknown SenSey' OG (2023)
9%
91 Denzo Cramé (2020)
0%
Unknown Frenna OK (2022)
0%
Unknown Kossdar Bon qu'a ça (2023)
0%
Unknown Locko Voyage (2021)
0%
Unknown Moha K Boussa (2022)
0%
Unknown Moha MMZ Andale (2021)
0%
Unknown Nesly Tou lé jou (2022)
0%
13 Soprano Millions de mélos (2019)
0%
93 Timal Solo (2020)
0%
NIG Yemi Alade Dje Dje (2022)
0%
Aucun quiz correspondant
Distribution des résultats
% des personnes avec chaque résultat
Percentile par nombre de réponses
Votre historique - résultats
Vous n’avez pas pris ce quiz